| 000 | 02367nam a2200661 i 4500 | ||
|---|---|---|---|
| 001 | 35630 | ||
| 003 | KOSZ 005 | ||
| 005 | 20231005112819.0 | ||
| 008 | 231004s1995 pl a g 000 0 pol | ||
| 015 | _aUWD 1996/3270 | ||
| 020 | _a8385349405 | ||
| 035 | _a991003951469705066 | ||
| 035 | _a(PL-WaBN)b11051991-48omnis_nlop | ||
| 035 | _ab11051991 | ||
| 035 | _a(OCoLC)189521042 | ||
| 035 | _azz2007838010 | ||
| 035 | _a(PL)b0000001105199 | ||
| 035 | _a(EXLNZ-48OMNIS_NETWORK)9910295971305606 | ||
| 040 |
_aWA N _cWA N _dKOSZ 005/RW |
||
| 045 |
_bd1201 _bd1795 |
||
| 046 | _k1995 | ||
| 080 | _a94(438).02/.06 | ||
| 080 | _a316.344"12/17" | ||
| 245 | 0 | 0 |
_aPolska, Prusy, Ruś : _brozprawy ofiarowane prof. zw. dr. hab. Janowi Powierskiemu w trzydziestolecie pracy naukowej / _cpod redakcją Błażeja Śliwińskiego ; [recenzent prof. dr hab. Jacek S. Matuszewski]. |
| 250 | _aWydanie I. | ||
| 260 |
_aGdańsk : _b"Marpress", _c1995. |
||
| 300 |
_a236, [1] stron : _bmapa ; _c21 cm. |
||
| 336 |
_aTekst _btxt _2rdacontent |
||
| 337 |
_aBez urządzenia pośredniczącego _bn _2rdamedia |
||
| 338 |
_aWolumin _bnc _2rdacarrier |
||
| 380 | _aKsiążki | ||
| 380 | _aPublikacje naukowe | ||
| 388 | 1 | _a1901-2000 | |
| 388 | 1 | _a1989-2000 | |
| 490 | 1 |
_aGdańskie Studia z Dziejów Średniowiecza ; _vnr 2 |
|
| 504 | _aBibliografia publikacji Jana Powierskiego na stronach 11-[23]. | ||
| 600 | 1 | 7 |
_aPowierski, Jan _d(1940-1999) _2DBN |
| 648 | 7 |
_a1201-1300 _2DBN |
|
| 648 | 7 |
_a1301-1400 _2DBN |
|
| 648 | 7 |
_a1401-1500 _2DBN |
|
| 648 | 7 |
_a1501-1600 _2DBN |
|
| 648 | 7 |
_a1601-1700 _2DBN |
|
| 648 | 7 |
_a1701-1800 _2DBN |
|
| 650 | 7 | _aElita władzy | |
| 650 | 7 | _aSpołeczeństwo | |
| 651 |
_aPolska _2DBN |
||
| 655 | 7 |
_aKsięga pamiątkowa _2DBN |
|
| 655 | 7 |
_aPraca zbiorowa _2DBN |
|
| 658 | _aHistoria | ||
| 658 | _aSocjologia i społeczeństwo | ||
| 700 | 1 |
_aŚliwiński, Błażej _d(1954- ) _eRedakcja |
|
| 700 | 1 |
_aMatuszewski, Jacek _d(1946- ) _eRecenzja |
|
| 710 | 2 |
_aWydawnictwo "Marpress" _4pbl |
|
| 830 | 0 |
_aGdańskie Studia z Dziejów Średniowiecza _vnr 2 |
|
| 856 |
_uhttp://koha.tu.koszalin.pl/cgi-bin/koha/opac-detail.pl?biblionumber=35630 _yKatalog online BPK |
||
| 942 |
_2UKD _cKS |
||
| 999 |
_c35630 _d35630 |
||